000 00284nam a2200109Ia 4500
005 20251222153648.0
008 251222s9999||||xx |||||||||||||| ||spa||
082 _a270/P77
100 _a Facultad de TeologĂ­a Pontificia y civil de Lima
245 0 _aTu Tienes la Palabra
942 _cLIB
999 _c33021
_d33021